[Event "Norway Chess 1st"]
[Site "Stavanger"]
[Date "2013.05.15"]
[Round "7"]
[White "Karjakin, Sergey"]
[Black "Nakamura, Hikaru"]
[Result "1-0"]
[WhiteElo "2767"]
[BlackElo "2775"]
[Annotator "Ftacnik,L"]
[PlyCount "117"]
[EventDate "2013.05.08"]
[EventType "tourn"]
[EventRounds "9"]
[EventCountry "NOR"]
[EventCategory "21"]
[SourceTitle "CBM 155"]
[Source "ChessBase"]
[SourceDate "2013.07.16"]
[SourceVersion "1"]
[SourceVersionDate "2013.07.16"]
[SourceQuality "1"]

1. e4 c5 2. Nf3 d6 3. d4 cxd4 4. Nxd4 Nf6 5. Nc3 a6 6. Bg5 Nbd7 {The knight
move to d7 is currently the most topical line against White's unpleasant
attack with the immediate 6.Bg5.} 7. Qe2 g6 8. O-O-O Bg7 9. f4 Qa5 {Nakamura
must know what he is doing against the best world players he regulary meets at
supertournaments. His solution has not been tested in practice even though the
queen foray is unpleasant for White.} (9... O-O 10. g4 (10. e5 dxe5 11. fxe5
Qa5 12. Nf3 Ng4 13. Rd5 b5 14. h3 Nh6 15. Kb1 Nf5 16. Ne4 Qc7 17. g4 Bb7 18.
Rxd7 Qxd7 19. gxf5 Qxf5 20. Ned2 Bxe5 21. Qe3 Qe6 22. Rg1 Bg7 23. Qxe6 fxe6 24.
Be2 $11 {1/2 (41) Alekseev,E (2673)-Grischuk,A (2763) Moscow 2012}) (10. Kb1
Qc7 11. Nf3 e5 12. Qd2 Re8 13. Qxd6 Qxd6 14. Rxd6 exf4 15. Bxf4 Nxe4 16. Nxe4
Rxe4 17. Bg3 Bf8 18. Rd1 b5 19. Bd3 Re8 20. Rhe1 Rxe1 21. Nxe1 Nc5 22. Be2 Bf5
$11 {1/2 (48) Balogh,C (2668)-Navara,D (2691) Sibenik 2012}) (10. f5 Ne5 11. h4
Bd7 12. h5 Rc8 13. hxg6 fxg6 14. Qe1 Rf7 15. Rh3 b5 16. Qh4 Qa5 17. Nd5 gxf5
18. Nxe7+ Rxe7 19. Bxf6 Bxf6 20. Qxf6 Rg7 21. Qxd6 fxe4 22. Qd5+ Nf7 {1-0 (22)
Castellanos Rodriguez,R (2515)-Asis Gargatagli,H (2474) Leon 2012}) 10... h6
11. Bh4 e5 12. fxe5 Nxe5 13. h3 Bd7 14. Nf3 Qa5 15. Rxd6 Be6 16. Nd4 Bc4 17.
Qf2 Ne8 18. Rd5 Bxd5 19. exd5 Nc7 20. Be7 Nxd5 21. Nb3 Qb6 22. Qxb6 Nxb6 23.
Bxf8 Rxf8 $11 {1/2 (77) Kosintseva,T (2517)-Ushenina,A (2477) Huashan City 2013
}) (9... Qc7 10. Bxf6 Nxf6 11. e5 dxe5 12. fxe5 Bg4 13. Nf3 Nd7 14. Nd5 Qc5 15.
Qe4 Rc8 16. Nc3 Bf5 17. Qxb7 O-O 18. Rxd7 Bxd7 19. Qxd7 Rfd8 20. Qa4 Qe3+ 21.
Kb1 Rxc3 $17 {0-1 (36) Sommerbauer,N (2427)-Czebe,A (2494) Oberwart 2005}) 10.
g3 (10. Kb1 O-O 11. g4 Qc7 12. f5 Ne5 13. Bxf6 Bxf6 14. Nd5 Qd8 15. Nxf6+ exf6
16. Qg2 $14) 10... h6 {Irritating the bishop is a very important feature of
the plan. Karjakin could not have been happy about the necessity to make a
choice. Parting with the knight saves time but has positional drawbacks.} (
10... O-O 11. Bg2 h6 12. Bh4 Nc5 13. Kb1 $14) 11. Bxf6 (11. Bh4 Qc5 12. Nf3 b5
13. e5 dxe5 14. fxe5 (14. Bxf6 Nxf6 15. Nxe5 Bb7 16. Bg2 Bxg2 17. Qxg2 O-O $11)
14... Ng4 15. e6 Nb6 16. exf7+ Kxf7 $11) 11... Nxf6 (11... Bxf6 12. Nb3 Qc7 13.
Nd5 Qd8 14. e5 $1 dxe5 15. Nxf6+ exf6 16. fxe5 Qe7 (16... fxe5 17. Rxd7 Kxd7
18. Bh3+ Ke7 19. Qxe5+ Be6 20. Rf1 $18) 17. exf6 Qxe2 18. Bxe2 Nxf6 19. Rhe1
O-O 20. Rd6 $14) 12. Bg2 {It is difficult to imagine a lesser player resisting
the chance for the advance of the e-pawn 12.e5. The dangers for Black can not
be underestimated, but White's advantage would be rather elusive.} (12. e5 dxe5
13. Nb3 Qc7 14. fxe5 Ng4 15. Bg2 Nxe5 16. Nd5 Qd6 17. h3 O-O 18. Rhe1 $11)
12... Bg4 13. Bf3 (13. Nf3 Nd7 $15) 13... Bxf3 14. Qxf3 (14. Nxf3 O-O 15. e5
Nd7 $11) 14... O-O 15. Rhe1 {White cannot claim that he has achieved any
palpable advantage, but his neatly centralised pieces are offering chances for
active play.} Nd7 16. Nb3 Qc7 17. Nd5 Qd8 18. h4 Rc8 {Nakamura finds it hard
to believe that White's initiative could amount to anything real. A more
careful player would probably spend more time on the cautious approach with 18.
..h5.} (18... h5 19. Qd3 Rc8 20. Kb1 Nb6 $11) 19. h5 $1 e6 (19... gxh5 $5 20.
Qxh5 e6 21. Ne3 Qc7 22. Kb1 $14) 20. Nc3 (20. Ne3 $5 Qf6 21. Nd4 (21. e5 $2
Nxe5 $15) 21... b5 22. Kb1 $14) 20... Bxc3 21. bxc3 Qf6 22. hxg6 {The tactical
phase of the game required great caution from both players. Each move can
alter the value of the position, which is objectively somewhat better for
White.} (22. Rxd6 Rxc3 23. Qf2 Ne5 24. Qd4 Nd3+ 25. Kd2 Qxd4 26. Nxd4 Nxe1 27.
Kxc3 gxh5 $11) 22... fxg6 (22... Rxc3 23. Qg4 (23. gxf7+ Rxf7 24. Qf2 e5 $11)
23... Qxg6 24. Qxg6+ fxg6 25. Rxd6 Nf6 (25... Rf7 26. Rxe6 Rxg3 27. e5 $14) 26.
Nd4 Rxg3 27. e5 $14) 23. Rxd6 Ne5 $2 {The American grandmaster certainly knows
how to apply his tactical magic in attacking positions. Unfortunately
defensive tasks are generally much less attractive and it shows in his last
choice.} (23... Rxc3 24. e5 Rxf3 25. exf6 Nxf6 26. Rexe6 Kg7 27. Nd4 Rxg3 28.
Re7+ Kh8 29. Rxb7 $14) 24. Qh1 $6 {[%mdl 64] Karjakin was definitely happy in
this position and was probably spoiled for choice. It is a bit risky to claim
something definite, but it seems that the more centralising retreat 24.Qd1!
would have led to a winning position.} (24. Qd1 $1 Nc4 25. e5 Qf7 (25... Qf5
26. Nd4 Qf7 27. Nxe6 Nxd6 28. exd6 $18) 26. Rd7 Qe8 27. Qd3 Nb6 (27... b5 28.
Rh1 $18) 28. Rxb7 Na4 29. Qxa6 $18) 24... Nc4 25. e5 Qf7 26. Rd4 (26. Qxh6 Nxd6
27. exd6 Rfd8 28. Nd2 Rxd6 29. Ne4 Rd7 30. Rh1 Qg7 31. Qg5 Rf8 32. Rh6 Kf7 33.
Qh4 Kg8 $11) 26... h5 27. Qe4 {The queen is rushing back to the centre
indirectly vindicating our note about the merits of the 24th move.} b5 28. Red1
(28. Qd3 Rc7 29. Nd2 Nxd2 30. Qxd2 Rfc8 31. Re3 $16) 28... Rc7 (28... Qf5 29.
Qxf5 Rxf5 30. Rd7 Rff8 31. Ra7 Ra8 32. Rxa8 Rxa8 33. Rd7 $16) 29. Nc5 $1 {
Chess would certainly be very dull without small combinations. White is using
a trojan horse in order to penetrate the enemy ranks.} Rxc5 (29... Re8 30. Rd7
Re7 31. Rxc7 Rxc7 32. Rd8+ Kg7 33. Qd4 $18) 30. Rd7 Rc7 (30... Qe8 31. Qb7 Rf7
32. Rxf7 Qxf7 33. Rd8+ Kg7 34. Rd7 $18) 31. Rxf7 Kxf7 32. g4 $1 {Karjakin can
prove the might of his major pieces only under one condition, if they start to
play to their maximum. Opening the kingside is surely the right strategy.} hxg4
(32... h4 33. Rh1 Rh8 34. f5 $18) 33. Rh1 Kg7 (33... Rg8 34. Rh7+ Rg7 35. Rh8
$1 Nb6 36. Qg2 $18) 34. Qg2 (34. Rh4 Rf5 35. Qh1 Rh5 36. Rxh5 gxh5 37. Qxh5 $18
) 34... Rh8 (34... Rxf4 $2 35. Qh2 Rf5 36. Qh8+ Kf7 37. Rh7#) 35. Rxh8 (35. Re1
Na3 36. Qxg4 Rh2 37. Rg1 Rxc2+ 38. Kd1 Rd7+ 39. Ke1 Rc1+ 40. Kf2 Rxg1 41. Kxg1
$18) 35... Kxh8 36. Qxg4 Rh7 {Black can suddenly entertain some mild hopes as
the white king is trapped in an unfortunate position on the back rank.} 37. Qd1
(37. Qg1 Rh3 38. a4 $18) 37... Rf7 38. Qd4 (38. Qg4 Kg7 39. Qxe6 Rxf4 40. Kd1
$18) 38... Kg7 (38... g5 39. Qd8+ Kh7 40. Qxg5 $18) 39. Kd1 {At long last
White's majesty is getting the chance to win some breathing space.} g5 40. fxg5
(40. Qg1 Rf5 41. Qa7+ Kf8 42. Qxa6 gxf4 43. Qxe6 Rf7 44. Ke2 Nxe5 45. Kf2 $18)
40... Kg6 41. Qh4 Nxe5 (41... Rh7 42. Qe4+ Kg7 43. Qf3 Kg8 44. Qc6 $18) 42. Qh3
(42. Qh6+ Kf5 43. Qh3+ Kxg5 44. Qxe6 $18) 42... Kxg5 43. Qxe6 {Nakamura has
managed to eliminate two white pawns, but it came at a serious cost. The
coordination of his pieces is so bad, that he will have to play very
creatively in order to continue resistance.} Rf5 44. Qxa6 Nc4 45. Ke2 Re5+ 46.
Kf2 (46. Kd3 Rf5 47. Kd4 Rf4+ 48. Kc5 Rf5+ 49. Kb4 Ne3 50. Kb3 $18) 46... Ne3 (
46... Rf5+ 47. Kg3 Ne3 48. Qa7 $18) 47. Qa7 Ng4+ 48. Kf3 Rf5+ 49. Ke2 (49. Kg3
Nf6 50. Qe3+ Kh5 51. Qd4 Kg6 52. c4 $18) 49... Re5+ 50. Kd2 Rd5+ 51. Kc1 Kf4 {
Black's pieces are dreaming about a position in which they would be able to
pull in the same direction.} 52. Qf7+ (52. a4 $1 bxa4 53. c4 Re5 54. c5 $18)
52... Ke4 53. Qh7+ Kf4 54. Qh4 {The white queen has excellent mobility that
can be used even for pinning a piece.} (54. c4 bxc4 55. a4 Ne5 56. Qc7 $18)
54... Re5 55. Kb2 Kf3 56. c4 $1 {It was no secret that White would want to
create and exploit passed pawns on the queenside.} Ne3 (56... bxc4 57. Qh3+ Kf4
58. Qf1+ Ke3 59. Qxc4 $18) 57. Qf6+ Ke4 58. Qc6+ Kd4 59. Qd6+ (59. Qd6+ Ke4 60.
Qd3+ Kf4 61. cxb5 $18) 1-0

[Event "EU-ch 5th"]
[Site "Antalya"]
[Date "2004.05.18"]
[Round "4"]
[White "Guseinov, Gadir"]
[Black "Kempinski, Robert"]
[Result "0-1"]
[WhiteElo "2548"]
[BlackElo "2586"]
[Annotator "Gofshtein,L"]
[PlyCount "76"]
[EventDate "2004.05.15"]
[EventType "swiss"]
[EventRounds "13"]
[EventCountry "TUR"]
[SourceTitle "CBM 101"]
[Source "ChessBase"]
[SourceDate "2004.07.27"]
[SourceVersion "1"]
[SourceVersionDate "2004.07.27"]
[SourceQuality "1"]

1. e4 c5 2. Nf3 d6 3. d4 cxd4 4. Nxd4 Nf6 5. Nc3 a6 6. Bg5 Nbd7 7. f4 {7.Bc4
deserved attention as was played in the classical game Spassky-Petrosian given
below.} (7. Bc4 $5 Qa5 (7... h6 $6 8. Bxf6 Nxf6 9. Qe2 $1 e6 10. O-O-O Qc7 11.
f4 e5 12. Nd5 $16) (7... e6) 8. Qd2 h6 9. Bxf6 Nxf6 10. O-O-O e6 11. Rhe1 Be7
$2 (11... Bd7 $1 {/\ 0-0-0= Tal, Boleslavsky}) 12. f4 O-O 13. Bb3 Re8 (13...
Rd8 $5) 14. Kb1 Bf8 15. g4 $1 $36 {1-0 Spassky,B-Petrosian,T/Moscow 1969/
MainBase/[Bulletin] (24)}) 7... b5 $5 {Black immideatly sets up a fianchetto
for his bishop, also preventing the development of the white bishop to c4. In
case of the usual 7...e6 8.Qf3 the game could reach a usual variations with a
different move order.} (7... e6 8. Qf3) 8. Qe2 $6 {White's idea is simple - A
long castle and e4-e5. From the other hand this move looks dubious as it's
closing the bishop. As the other games show white has other possibilities,
which are probably better.} (8. Bxf6 $5 Nxf6 9. e5 dxe5 (9... b4 $5) 10. fxe5
Ng4 11. Ndxb5 $36 {1-0 Isanbaev,R-Kotsur,P/Nizhnij Novgorod 1998/EXT 2000 (17)}
) (8. Bd3 Bb7 9. Qe2 e5 10. Nd5 exd4 11. e5 Nxd5 12. Bxd8 Nxf4 13. Qf2 Nxg2+
14. Kd2 Rxd8 $36 {1-0 Quinteros,M-Browne,W/Las Palmas 1974/MCD (47)}) 8... e5 {
A natural move, which prevents e4-e5. Other moves have also been met, for
example:} (8... h6 9. Bxf6 Nxf6 10. O-O-O Bg4 11. Nf3 b4 12. Nb1 e6 $132 {
1-0 Hector,J-Hoelzl,F/Istanbul 2000/EXT 2001 (59)}) (8... b4) 9. Nf5 $146 {
This position was played very rarely. Probably this is the reason why white's
next move is a novelty.} (9. O-O-O exd4 10. e5 dxe5 11. fxe5 Be7 12. exf6 gxf6
13. Nd5 fxg5 14. Re1 Nf6 15. Nxf6+ Kf8 16. Qe4 Be6 17. Nxh7+ Kg7 18. Bd3 Qd6
$13 {1-0 Borkovec,M-Fialka,M/Czechia 1997/EXT 98 (25)}) 9... h6 $5 {A typical
move for this positions. His main idea is to prepare g7-g6. Now white doesn't
have a square on h6 for the knight.} 10. Bxf6 {White tries to take advantage
of his lead in development and to gain more tempis.} (10. Bh4 g6 11. Ne3 exf4
12. Ned5 Bg7 $132) 10... Nxf6 11. O-O-O Qc7 $5 (11... b4 12. fxe5 bxc3 13. exf6
cxb2+ 14. Kb1 Qxf6 $132) 12. fxe5 dxe5 13. g4 b4 $5 {13...g6 was also possible
with a fine counterplay.} (13... g6 $5 14. Ne3 Be6 15. Ned5 Bxd5 16. exd5 Bd6
$132) 14. Nd5 Nxd5 15. exd5 Bxf5 {It is essential to take down the dangerous
white knight.} 16. gxf5 Be7 17. Rg1 Qd6 {Blocking a dangerous passed pawn} 18.
Rg4 {[%cal Rg4c4,Rc4c6] Activizng the rook via 4th rank.} (18. Rxg7 Bg5+ 19.
Kb1 Qf6) 18... O-O 19. Rc4 {[%cal Yc4c6] With the idea to remove the black
queen from d6 with Rc6.} e4 $5 {[%cal Re7f6,Rf6b2][%mdl 512] Black sacrifices
a pawn in order to activize his pieces and firstly his bishop.} 20. Qxe4 (20.
Kb1 Bf6 21. Rxe4 a5 $44) 20... Rfe8 {[%cal Re8e4] Black activizes his rook.}
21. Qg4 Qxh2 {Returning the material balance.} 22. Rc6 $6 {A dubious move
after which black seizes the initiative.} (22. Bg2 $5) 22... Qe5 $5 {[%csl Yb2]
[%cal Re5b2,Re7f6]} 23. Rc4 a5 {Defending the b4 pawn and threatening to
harrass the white king with Bf6.} (23... Bf6 24. Rxb4) 24. Qd4 {White gives
another pawn in order to defend against the black threats.} (24. Re4 $2 Qxe4
25. Qxe4 Bg5+ $19) (24. Bg2 Bf6 25. Rcd4 Rac8 $36 26. d6 Qe2 $19) 24... Qxf5
25. d6 $2 {[%mdl 8192] Probably missing black's next tweo moves. Also in case
of the normal 25.Bd3 black has the initiative.} (25. Bd3 Qf3) 25... Qg5+ 26.
Kb1 Bxd6 27. Bd3 (27. Qxd6 $4 Red8 $19) 27... Rad8 28. Qa7 Qe3 {Black offers
the exchange of queens, wishing to exploit his big material advantage (2 extra
pawns) in the endgame.} 29. Qxa5 (29. Qxe3 Rxe3 30. Rd4 Kf8 $19) 29... Qd2 $1 {
After this strong move, black wins an exchange and is easily winning.} 30. Rc1
Bf4 31. Rxf4 Qxf4 32. b3 Rd6 33. Bc4 Qd2 {Black's plan is to exchange rooks by
Re1 and to get to the white king.} 34. Qh5 {[%cal Rh5f7,Rc4f7]} Rf6 {[%csl Yf7]
defending against the threats of white and preparing Re1} 35. Qh1 Qc3 {
Planning Rf6-f3-e3-e1.} 36. Rg1 Rf3 {[%cal Rf3e3,Re3e1]} 37. Rd1 Rf2 38. Rc1 (
38. Bd3 Rd2 39. Rc1 Rd8 $36) 38... Rxc2 0-1

[Event "EU-chT (Men) 13th"]
[Site "Leon"]
[Date "2001.11.07"]
[Round "2.2"]
[White "Sermek, Drazen"]
[Black "Agrest, Evgenij"]
[Result "1/2-1/2"]
[WhiteElo "2577"]
[BlackElo "2563"]
[Annotator "Gofshtein,L"]
[PlyCount "66"]
[EventDate "2001.11.06"]
[EventType "team-swiss"]
[EventRounds "9"]
[EventCountry "ESP"]
[SourceTitle "CBM 086"]
[Source "ChessBase"]
[SourceDate "2002.02.05"]
[SourceVersion "1"]
[SourceVersionDate "2002.02.05"]
[SourceQuality "1"]
[WhiteTeam "Slovenia"]
[BlackTeam "Sweden"]
[WhiteTeamCountry "SLO"]
[BlackTeamCountry "SWE"]

1. e4 d6 2. d4 g6 3. Nc3 Bg7 4. Bg5 {This variation is very aggressive;
Usually It leads to sharp play of both sides.} Nd7 5. Qd2 (5. Nf3 {This move
doesn't bring white big success how it was shown in undermentioned games.} a6
6. a4 h6 7. Bf4 (7. Be3 b6 8. d5 Ngf6 9. Qd2 Nc5 10. Bd3 Bb7 11. a5 b5 12. b4
Ncxe4 $36 {1/2-1/2 Dreev,A-Hansen, 1991}) 7... e5 8. Be3 Ngf6 9. dxe5 dxe5 10.
h3 Qe7 11. Nd2 Nc5 12. Nd5 Nxd5 13. exd5 O-O $132 {0-1 Afek,Y-Gofshtein,Z 2001}
) (5. f4 $6 c5 $1 6. d5 Qa5 $1 7. Qf3 h6 8. Bh4 Bxc3+ $1 9. bxc3 Ngf6 10. Kd2
b5 $36 {1/2-1/2 Shirov,A-Hansen, 1991}) 5... a6 (5... c5 $5 6. d5 (6. Nf3 a6 7.
O-O-O cxd4 8. Nxd4 Ngf6 9. Bh6 Bxh6 10. Qxh6 b5 11. Kb1 Bb7 12. f3 Qc7 $132 {
1-0 Sanchez,V-Bustamante2000}) (6. Nge2 Qa5 7. f3 Rb8 8. dxc5 Nxc5 9. Nd4 a6
10. Be2 Ne6 11. Be3 Nf6 12. O-O O-O 13. Nb3 Qd8 $132 {0-1 Saathoff,
R-Khetsuriani,B2001}) 6... Ngf6 (6... a6 7. a4 Ngf6 8. f3 O-O 9. Nh3 Rb8 10.
Be2 c4 11. Nf2 (11. Bxc4 Ne5 12. Be2 Bxh3 13. gxh3) 11... b5 12. O-O Qc7 13.
axb5 axb5 {1/2-1/2 Sorokin,M-Hoi,C 1992}) 7. Bh6 (7. f4 a6 8. a4 Qb6 $13 {
/\ Qb4, Krnic-Jansa, 1976}) 7... Bxh6 8. Qxh6 a6 9. Nf3 b5 10. Ng5 Qa5 11. Be2
b4 $132 {1/2-1/2 Jamrich,G-Resika,N 2001}) 6. f4 (6. O-O-O b5 7. f4 Bb7 8. a3
c5 9. d5 Ngf6 10. Qe1 O-O 11. Nf3 Rb8 12. Kb1 b4 13. axb4 cxb4 14. Na2 b3 15.
cxb3 Nc5 $132 {1/2-1/2 Leko,P-Chernin 1992}) (6. Nf3 h6 7. Be3 e6 8. a4 Ne7 9.
a5 d5 10. Bd3 dxe4 11. Nxe4 Nd5 12. O-O Nxe3 13. Qxe3 O-O 14. Qf4 b5 15. Ne5
Bb7 16. Nxd7 Qxd7 17. Nc5 Qc8 18. Be4 Bxe4 19. Qxe4 Rd8 20. c3 Bf8 21. Rfd1 Rd5
$132 {1/2-1/2 Sutovsky,E-Hickl, 2000}) 6... c5 {[%mdl 4]} (6... b5 $5) 7. Nf3
cxd4 (7... b5 $5 {probably better was 7...b5 entering the bishop to the play;}
8. O-O-O (8. dxc5 Nxc5) 8... Bb7 $132) 8. Nxd4 Ngf6 9. O-O-O O-O (9... Nc5 {
[%csl Ye4][%cal Yc5e4,Yf6e4]} 10. Qe1 Bg4 11. e5 $36) 10. Be2 $5 (10. Qe1 $5
Qc7 $132) 10... Nc5 11. Bf3 {Black should be careful after this move; The
threatment e4-e5 looks very dangerous for black.} h6 $5 {Black prepares the
counterplay in the center} 12. Bh4 e5 13. Nb3 {[%mdl 64] #} (13. fxe5 dxe5 14.
Nde2 Qxd2+ 15. Rxd2 $14) 13... Ncxe4 $5 14. Bxe4 (14. Nxe4 Nxe4 15. Qe1 g5 16.
fxg5 hxg5 17. Qxe4 gxh4 $132) 14... Nxe4 15. Qe1 (15. Nxe4 Qxh4 16. g3 Qh5 17.
Nxd6 Bg4 $132) 15... g5 16. Nxe4 gxh4 {This position is characterized by
trade-off between black's weaknesses on the king side and his bishop-pair.} 17.
Qf2 (17. Nxd6 Bg4 18. Rd2 exf4 19. Nf5 Qf6 20. Nxg7 Kxg7 $13) 17... exf4 18.
Qxf4 (18. Rxd6 Qe7 19. Qxf4 Be6 $132) 18... d5 19. Rhf1 {[%cal Ye4f6]} f5 (
19... Be6 20. Nf6+ Bxf6 21. Qxf6 Qxf6 22. Rxf6 Kg7 23. Rf4 h3 24. gxh3) 20. Nc3
(20. Nd6 Qg5 $11) 20... Qg5 21. Nxd5 Be5 22. Qxg5+ hxg5 $11 {The bishop-pair
compensates the activity of White's pieces.} 23. Nb6 Rb8 24. Nc5 {[%csl Rd7]
[%cal Yc5d7,Yb6d7]} Bxh2 $8 {Black gets the sufficient counterplay after of
this sacrifice.} (24... Re8 $6 25. Nbd7 Bxd7 26. Nxd7 Rbd8 27. Rxf5 $16) 25.
Ncd7 Bxd7 26. Nxd7 Bf4+ 27. Rxf4 (27. Kb1 Rbe8 28. Nxf8 Kxf8 29. Rfe1 (29. Rd5
Re2 $36) 29... Rxe1 30. Rxe1 Kf7 $44) 27... gxf4 28. Nxb8 Rxb8 29. Rh1 Re8 $1
30. Rxh4 Re4 {[%cal Yg6g5,Yg8g7,Yg7g6] This bad position of black pawns
compensates good position of his pieces.} 31. Rh5 Re5 32. Rh4 Re4 33. Rh5 Re5
1/2-1/2

[Event "Corus"]
[Site "Wijk aan Zee"]
[Date "2010.01.31"]
[Round "13"]
[White "Shirov, Alexei"]
[Black "Dominguez Perez, Leinier"]
[Result "1/2-1/2"]
[WhiteElo "2723"]
[BlackElo "2712"]
[Annotator "Marin,M"]
[PlyCount "60"]
[EventDate "2010.01.16"]
[EventType "tourn"]
[EventRounds "13"]
[EventCountry "NED"]
[EventCategory "19"]
[SourceTitle "CBM 135"]
[Source "ChessBase"]
[SourceDate "2010.03.17"]
[SourceVersion "1"]
[SourceVersionDate "2010.03.17"]
[SourceQuality "1"]

1. e4 c5 2. Nf3 d6 3. d4 cxd4 4. Nxd4 Nf6 5. Nc3 a6 6. Bg5 Nbd7 7. Bc4 Qb6 8.
Bb3 e6 9. Qd2 Be7 10. O-O-O Nc5 11. f3 $5 $146 {Shirov seems to trust the
force of his position and prepares for a slow (at least for a while) attack.} (
11. Rhe1 Qc7 12. f4 b5 13. e5 {Dimitrov,V (2460)-Rodriguez Lopez,R (2275)/
Orense 1994/EXT 2004 (1-0, 39)}) 11... Qc7 12. Kb1 O-O 13. g4 b5 14. a3 Rb8 15.
h4 Bd7 16. Bxf6 Bxf6 17. g5 Bd8 18. h5 a5 19. g6 Nxb3 20. Nxb3 fxg6 21. hxg6 h6
22. Nxa5 Rxf3 23. e5 Be8 24. exd6 Qxa5 25. Rxh6 gxh6 26. Qxh6 Bf6 27. d7 Bxc3
28. dxe8=Q+ Rxe8 29. Qh1 Re7 30. Qxf3 Bg7 (30... Bg7 {Shirov should have
answered the draw offer with} 31. b4 $1 $18 {, when Black could not have
maintained the back rank defended any more. This would have yielded Shirov a
shared tournament win...}) 1/2-1/2